Unit operations of chemical engineering (Record no. 3799)

000 -LEADER
fixed length control field 00652nam a2200241 a 4500
001 - CONTROL NUMBER
control field 3799
003 - CONTROL NUMBER IDENTIFIER
control field BD-DhUET
008 - FIXED-LENGTH DATA ELEMENTS--GENERAL INFORMATION
fixed length control field 850523s1985 nyua b 001 0 eng
020 ## - INTERNATIONAL STANDARD BOOK NUMBER
International Standard Book Number 0070448280
040 ## - CATALOGING SOURCE
Modifying agency BD-DhUET
Transcribing agency 0
082 0# - DEWEY DECIMAL CLASSIFICATION NUMBER
Classification number 660.2842
Item number MCC/1985
100 1# - MAIN ENTRY--PERSONAL NAME
Personal name McCabe, Warren L.
245 10 - TITLE STATEMENT
Title Unit operations of chemical engineering
250 ## - EDITION STATEMENT
Edition statement 4th ed.
260 ## - PUBLICATION, DISTRIBUTION, ETC. (IMPRINT)
Place of publication, distribution, etc. New York
Name of publisher, distributor, etc. McGraw-Hill
Date of publication, distribution, etc. 1985
300 ## - PHYSICAL DESCRIPTION
Extent x, 960 p.
Other physical details ill.
Dimensions 25 cm.
490 1# - SERIES STATEMENT
Series statement McGraw-Hill chemical engineering series
504 ## - BIBLIOGRAPHY, ETC. NOTE
Bibliography, etc Includes bibliographies
650 #0 - SUBJECT ADDED ENTRY--TOPICAL TERM
Topical term or geographic name as entry element Chemical Processer
700 1# - ADDED ENTRY--PERSONAL NAME
Personal name Smith, Julian C.
700 1# - ADDED ENTRY--PERSONAL NAME
Personal name Harriott, Peter.
942 ## - ADDED ENTRY ELEMENTS (KOHA)
Koha item type General Book
Holdings
Lost status Sublocation or collection (holding branch) Koha date last seen Location (home branch) Source of classification or shelving scheme Damaged status Price effective from Koha issues (times borrowed) Date acquired Shelving location Koha item type Piece designation (barcode) Not for loan Copy number Koha full call number Koha normalized classification for sorting Koha date last borrowed Withdrawn status
 Central Library, BUET2016-10-23Central Library, BUET  2014-11-05 2014-11-05Circulation sectionGeneral Book72739 1660.2842/MCC/1985660_000000000000000_2842MCC198  
 Central Library, BUET2014-11-05Central Library, BUET  2014-11-05 2014-11-05Circulation sectionGeneral Book77549 2660.2842/MCC/1985660_000000000000000_2842MCC198  
 Central Library, BUET2018-12-04Central Library, BUET  2014-11-0522014-11-05Circulation sectionGeneral Book77550 3660.2842/MCC/1985660_000000000000000_2842MCC1982018-11-14 
 Central Library, BUET2015-07-01Central Library, BUET  2015-07-01 2015-07-01Reading sectionReading Item68731 4660.2842/MCC/1985660_284200000000000_MCC_1985  
 Central Library, BUET2024-11-25Central Library, BUET  2024-11-25 1989-06-27Rental sectionRental Item73910 ৪/ক-১660.2842 MCC/1985660_284200000000000_MCC_1985  
 Central Library, BUET2024-11-25Central Library, BUET  2024-11-25 1989-06-27Rental sectionRental Item73911 ৪/ক-২660.2842 MCC/1985660_284200000000000_MCC_1985  
 Central Library, BUET2024-11-25Central Library, BUET  2024-11-25 1989-06-27Rental sectionRental Item73912 ৪/ক-৩660.2842 MCC/1985660_284200000000000_MCC_1985  
 Central Library, BUET2024-11-25Central Library, BUET  2024-11-25 1989-06-27Rental sectionRental Item73913 ৪/ক-৪660.2842 MCC/1985660_284200000000000_MCC_1985  
 Central Library, BUET2024-11-25Central Library, BUET  2024-11-25 1989-06-27Rental sectionRental Item73914 ৪/ক-৫660.2842 MCC/1985660_284200000000000_MCC_1985  
 Central Library, BUET2024-11-25Central Library, BUET  2024-11-25 1989-06-27Rental sectionRental Item73915 ৪/ক-৬660.2842 MCC/1985660_284200000000000_MCC_1985  
 Central Library, BUET2024-11-25Central Library, BUET  2024-11-25 1989-06-27Rental sectionRental Item73916 ৪/ক-৭660.2842 MCC/1985660_284200000000000_MCC_1985  
 Central Library, BUET2024-11-25Central Library, BUET  2024-11-25 1989-06-27Rental sectionRental Item73917 ৪/ক-৮660.2842 MCC/1985660_284200000000000_MCC_1985  
 Central Library, BUET2024-11-25Central Library, BUET  2024-11-25 1989-06-27Rental sectionRental Item73918 ৪/ক-৯660.2842 MCC/1985660_284200000000000_MCC_1985  
 Central Library, BUET2024-11-25Central Library, BUET  2024-11-25 1989-06-27Rental sectionRental Item73919 ৪/ক-১০660.2842 MCC/1985660_284200000000000_MCC_1985  
 Central Library, BUET2024-11-25Central Library, BUET  2024-11-25 1989-06-27Rental sectionRental Item73934 ৪/ক-২৫660.2842 MCC/1985660_284200000000000_MCC_1985  
 Central Library, BUET2024-11-25Central Library, BUET  2024-11-25 1989-06-27Rental sectionRental Item73935 ৪/ক-২৬660.2842 MCC/1985660_284200000000000_MCC_1985